000
00283nam a22001337a 4500
008
170214b xxu||||| |||| 00| 0 eng d
020
_a
9
041
_a
eng
080
_2
61
_a
61
100
_a
4
101
_a
shm
245
_a
CLINICAL PRACTICE IMPROVEMENT
_c
HORN.D
942
_2
udc
_c
BK
999
_c
5356
_d
5356